| 000 | 00524nam a2200181Ia 4500 | ||
|---|---|---|---|
| 999 |
_c28332 _d28332 |
||
| 003 | OSt | ||
| 005 | 20260305115045.0 | ||
| 008 | 190216s9999||||xx |||||||||||||| ||und|| | ||
| 020 | _a9798188582289 | ||
| 040 | _coclc | ||
| 082 |
_a894.8129 _bCHE/P |
||
| 100 |
_aChe Guevara, Ernesto _91762 |
||
| 245 | 0 |
_aPathayilekku Veendum / _cErnesto Che Guevara |
|
| 260 |
_bGreen Books, _c2004. _aThrissur: |
||
| 300 | _a168p | ||
| 650 | _aYathravivaranam | ||
| 942 |
_cBK _2ddc _h894.8129 _iCHE/P _k894.8129 _mCHE/P |
||